Intermezzo /
Peter a Ivan Koubekovci sú bratia, no sú úplne iní. Peter je úspešný, sebavedomý dublinský právnik, no po otcovej smrti nedokáže zaspať bez liekov a nezvláda vzťah s dvoma ženami – so svojou prvou láskou Sylviou a so študentkou Naomi. Mladší Ivan, šachista a samotár, stretáva Margaret, staršiu ženu...
Uloženo v:
| Hlavní autor: | |
|---|---|
| Médium: | E-kniha |
| Jazyk: | Czech |
| Vydáno: |
Praha :
Albatros Media Slovakia s.r.o.,
2025
|
| Tagy: |
Žádné tagy |
| LEADER | 01462nam a22002297i 4500 | ||
|---|---|---|---|
| 001 | 302735 | ||
| 007 | ta | ||
| 008 | 260514s2025 xr ||||| |||| 00| 0 cze d | ||
| 020 | |a 9788056649831 | ||
| 044 | |a xr | ||
| 100 | 1 | |a Rooney, Sally |4 aut | |
| 245 | 1 | 0 | |a Intermezzo / |c Rooney, Sally |
| 240 | 1 | 0 | |a Intermezzo |
| 264 | 1 | |a Praha : |b Albatros Media Slovakia s.r.o., |c 2025 | |
| 300 | |a 1 online zdroj (400 stran) | ||
| 336 | |a text |b txt |2 rdacontent | ||
| 337 | |a bez média |b n |2 rdamedia | ||
| 338 | |a online zdroj |b cr |2 rdacarrier | ||
| 520 | 2 | |a Peter a Ivan Koubekovci sú bratia, no sú úplne iní. Peter je úspešný, sebavedomý dublinský právnik, no po otcovej smrti nedokáže zaspať bez liekov a nezvláda vzťah s dvoma ženami – so svojou prvou láskou Sylviou a so študentkou Naomi. Mladší Ivan, šachista a samotár, stretáva Margaret, staršiu ženu s ťažkou minulosťou a medzi nim vzniká intenzívne puto. Pre oboch bratov nastáva nová medzihra – obdobie túžby, zúfalstva i nádeje, aj skúška, koľko dokážu uniesť bez toho, aby sa ich život rozpadol. | |
| 910 | |a RBIT002 | ||
| 998 | |d 426993 |a https://core.palmknihy.cz/api/books/426993/cover?tesgig |b https://core.palmknihy.cz/api/books/426993/cover/400?tesgig |c https://core.palmknihy.cz/api/books/426993/cover/50?tesgig |e 2030-03-21 |g 400 |i 9788056649831 |k https://core.palmknihy.cz/api/books/426993/preview.pdf |l |q 49 |r 1 |s https://www.palmknihy.cz/kniha/426993 |t ebook |y 2025 |z 1 | ||
| 999 | |d 302733 | ||